President or king? (Record no. 30539)
[ view plain ]
| 000 -LEADER | |
|---|---|
| fixed length control field | 01656nam a2200373 a 4500 |
| 082 04 - DEWEY DECIMAL CLASSIFICATION NUMBER | |
| Classification number | 342.73/06 |
| 245 00 - TITLE STATEMENT | |
| Title | President or king? |
| 260 ## - PUBLICATION, DISTRIBUTION, ETC. (IMPRINT) | |
| Place of publication | New York : |
| Name of publisher | Nova Science Publishers, |
| Year of publication | c2011. |
| 300 ## - PHYSICAL DESCRIPTION | |
| Number of Pages | xiv, 195 p. |
| 490 1# - SERIES STATEMENT | |
| Series statement | White House studies |
| 505 0# - FORMATTED CONTENTS NOTE | |
| Formatted contents note | pt. I. Constitutional limitations on presidential power in wartime -- pt. II. Examining the use of presidential power in the George W. Bush Administration -- pt. III. The future of presidential power. |
| 650 #0 - SUBJECT ADDED ENTRY--TOPICAL TERM | |
| Topical Term | Executive power |
| Topical Term | Presidents |
| Topical Term | Constitutional law |
| 700 1# - ADDED ENTRY--PERSONAL NAME | |
| Personal name | Bose, Meena, |
| 856 40 - ELECTRONIC LOCATION AND ACCESS | |
| Uniform Resource Identifier | http://site.ebrary.com/lib/rucke/Doc?id=10686124 |
No items available.
